Statistiques concernant Quiz sur un arbre 3

Cliquez ici pour prendre le quiz!

Statistiques générales

  • Ce quiz a été pris 9 fois
  • Le résultat moyen est 9 sur 21

Statistiques - réponses

HintRéponse% Correct
Dans un lit superposé (haut / bas)bas
100%
bras
89%
Sous la douche la partie du corps que je lave en premierbras
89%
normalement je fais ma vaisselle le matin ou soir ?matin
78%
Manger l'aliment que je préfère en premier/dernier/mélangermélanger
78%
je me suis fait enlever mes dents de sagesse ? (Vrai/Faux)Vrai
78%
j'ai déjà volé dans un magasin de vetement (Oui/Non)Non
67%
3 parties du corps que je sèche en premiervisage
56%
Dans quel arrondissement était mon appart en L116
44%
à quelle âge j'ai fait mon premier tatouage ?18ans
33%
seins
33%
en quelle classe j'ai eu mon portable ?3ème
22%
petite j'étais allergique de quoi ?acariens
22%
je m'endors comment ?sur le dos
22%
Dans quelle ville ai-je eu ma première/seule cuite ?Angers
11%
Quel est le dernier niveau de ski que j'ai passé ?aucun
11%
Ma place préférée dans le train (wagon étage/as + fenêtre/couloir)bas + fenêtre
11%
Mon rituel avant les partielsdanser
11%
faire des calins ?
11%
faire pipi
11%
3 choses que je fais dès que je rentre chez moimettre mon pyjama
11%

Distribution des résultats

Percentile par nombre de réponses

% des personnes avec chaque résultat

Votre développement - résultats

Vous n’avez pas pris ce quiz